000 00745nam a2200169 4500
008 210326b ||||| |||| 00| 0 eng d
040 _aDE-2950
_bger
_cDE-2950
_erda
245 _aGänsehaut-Momente garantiert.
_bEisenbahntheater. Im Juni hält die Künstlergruppe "Das letzte Kleinod" mit dem ozeanblauen Zug auf den Schienen der Oderstadt. Im Dokumentarstück "Über den Zaun" geht es um Brüche, Flucht und Freiheitsdrang zur Wendezeit .
264 _c2023
653 _aTheater "Das letzte Kleinod"
653 _aGastspiel
773 _dFrankfurt (Oder) : Märkisches Medienhaus
_tMärkischer Sonntag
_g26. Jahrgang, KW 22 vom 03.06.2023, S. 1: Foto
942 _cA
999 _c372547
_d372547